000 00310nam a2200121 a 4500
005 20140414131925.0
008 101027s19uu xx 00 eng d
050 _aER
_bSa5 1993
100 _aStortz, Diane
245 _aSanta has the sniffles!.
260 _bLandoll,
_c1995.
_aAshland, Ohio :
999 _c111984
_d111984